[Event "9th HDBank Open 2019"]
[Site "Ho Chi Minh City"]
[Date "2019.03.09"]
[Round "4.1"]
[White "Iturrizaga Bonelli, Eduardo"]
[Black "Gukesh D"]
[Result "1-0"]
[WhiteElo "2639"]
[BlackElo "2529"]
[Annotator "ChessBase"]
[PlyCount "109"]
[EventDate "2019.03.07"]
[EventType "swiss"]
[EventCountry "VIE"]
[SourceTitle "playchess.com"]
[Source "ChessBase"]
[SourceQuality "1"]
[TimeControl "5400+30"]

1. d4 {[%emt 0:00:17]} Nf6 {[%emt 0:00:00]} 2. c4 {[%emt 0:00:21]} g6 {[%emt 0:00:14]} 3. Nc3 {[%emt 0:00:30]} Bg7 {[%emt 0:00:10]} 4. e4 {[%emt 0:01:07]} d6 {[%emt 0:00:11]} 5. h3 {[%emt 0:00:06]} O-O {[%emt 0:00:40]} 6. Be3 {[%emt 0:00:03]} Na6 {[%emt 0:05:34]} 7. Nf3 {[%emt 0:04:46]} c5 {[%emt 0:08:47]} 8. Be2 {[%emt 0:03:56]} cxd4 {[%emt 0:02:16]} 9. Nxd4 {[%emt 0:00:23]} Nc5 {[%emt 0:16:56]} 10. Qc2 {[%emt 0:00:35]} b6 11. O-O-O {[%emt 0:15:49]} Bb7 {[%emt 0:05:22]} 12. f3 {[%emt 0:00:17]} Nh5 {[%emt 0:03:52]} 13. g4 {[%emt 0:01:50]} Ng3 {[%emt 0:01:06]} 14. Rhg1 {[%emt 0:03:03]} Nxe2+ {[%emt 0:00:12]} 15. Qxe2 {[%emt 0:00:04]} Rc8 {[%emt 0:01:58]} 16. h4 {[%emt 0:02:36]} Ba6 {[%emt 0:07:02]} 17. Kb1 {[%emt 0:01:15]} Na4 {[%emt 0:25:32]} 18. Ncb5 {[%emt 0:09:54]} d5 {[%emt 0:02:23]} 19. exd5 {[%emt 0:03:57]} Bxb5 {[%emt 0:00:58]} 20. cxb5 {[%emt 0:01:53]} Qxd5 {[%emt 0:00:13]} 21. Nf5 {[%emt 0:00:20]} Qc4 {[%emt 0:08:27]} 22. Qxc4 {[%emt 0:03:41]} Rxc4 {[%emt 0:00:02]} 23. Nxg7 {[%emt 0:00:40]} Kxg7 {[%emt 0:00:09]} 24. Rd7 {[%emt 0:00:13]} e5 {[%emt 0:04:20]} 25. Rc1 {[%emt 0:14:32]} Rb4 {[%emt 0:00:57]} 26. b3 {[%emt 0:00:07]} Rxb5 {[%emt 0:02:17]} 27. Rxa7 {[%emt 0:00:04]} Nc5 {[%emt 0:00:15]} 28. Bxc5 {[%emt 0:00:21]} bxc5 {[%emt 0:00:02]} 29. Rc7 {[%emt 0:00:26]} Rb4 {[%emt 0:00:15]} 30. R7xc5 {[%emt 0:03:56]} Rf4 {[%emt 0:00:01]} 31. Rxe5 {[%emt 0:00:28]} Rxf3 {[%emt 0:00:05]} 32. Re4 {[%emt 0:00:03]} Rh3 {[%emt 0:03:07]} 33. g5 {[%emt 0:00:35]} h6 {[%emt 0:01:08]} 34. Kb2 {[%emt 0:01:41]} hxg5 {[%emt 0:00:51]} 35. hxg5 {[%emt 0:00:05]} Rg3 {[%emt 0:00:03]} 36. Re5 {[%emt 0:00:48]} Rb8 {[%emt 0:00:32]} 37. Rc3 {[%emt 0:01:20]} Rg2+ {[%emt 0:00:09]} 38. Rc2 {[%emt 0:00:02]} Rg3 {[%emt 0:00:04]} 39. Ra5 {[%emt 0:00:43]} Rb7 {[%emt 0:01:13]} 40. Ka3 {[%emt 0:00:36]} Rb8 {[%emt 0:00:36]} 41. Rc4 {[%emt 0:01:31]} Rg2 {[%emt 0:00:21]} 42. b4 {[%emt 0:02:42]} Re8 {[%emt 0:00:38]} 43. Kb3 {[%emt 0:00:07]} Ree2 {[%emt 0:00:25]} 44. a3 {[%emt 0:00:06]} Rb2+ {[%emt 0:00:14]} 45. Ka4 {[%emt 0:00:14]} Rg3 {[%emt 0:00:13]} 46. Rcc5 {[%emt 0:00:38]} Rbb3 {[%emt 0:01:09]} 47. Kb5 {[%emt 0:00:04]} Rxa3 {[%emt 0:00:04]} 48. Rxa3 {[%emt 0:00:06]} Rxa3 {[%emt 0:00:03]} 49. Kc6 {[%emt 0:00:21]} f6 {[%emt 0:01:00]} 50. gxf6+ {[%emt 0:00:44]} Kxf6 {[%emt 0:00:01]} 51. b5 {[%emt 0:00:04]} Ke7 {[%emt 0:01:54]} 52. b6 {[%emt 0:00:18]} Ra6 {[%emt 0:00:30]} 53. Kc7 {[%emt 0:00:15]} Kf6 {[%emt 0:00:34]} 54. b7 {[%emt 0:00:08]} Ra7 {[%emt 0:00:03]} 55. Kb6 {[%emt 0:00:04]} 1-0

[Event "9th HDBank Open 2019"]
[Site "Ho Chi Minh City"]
[Date "2019.03.09"]
[Round "4.2"]
[White "Chanda, Sandipan"]
[Black "Bogdanovich, Stanislav"]
[Result "0-1"]
[WhiteElo "2534"]
[BlackElo "2536"]
[Annotator "ChessBase"]
[PlyCount "94"]
[EventDate "2019.03.07"]
[EventType "swiss"]
[EventCountry "VIE"]
[SourceTitle "playchess.com"]
[Source "ChessBase"]
[SourceQuality "1"]
[TimeControl "5400+30"]

1. d4 {[%emt 0:01:22]} Nf6 {[%emt 0:00:02]} 2. c4 {[%emt 0:00:17]} e6 {[%emt 0:00:26]} 3. Nc3 {[%emt 0:00:14]} Bb4 {[%emt 0:00:20]} 4. e3 {[%emt 0:00:16]} O-O {[%emt 0:00:24]} 5. Bd2 {[%emt 0:00:10]} b6 {[%emt 0:00:16]} 6. Nf3 {[%emt 0:00:24]} Bb7 {[%emt 0:00:06]} 7. Bd3 {[%emt 0:00:11]} d5 {[%emt 0:00:16]} 8. cxd5 {[%emt 0:00:11]} exd5 {[%emt 0:00:07]} 9. Rc1 {[%emt 0:00:15]} Nbd7 {[%emt 0:00:24]} 10. O-O {[%emt 0:00:16]} Be7 {[%emt 0:00:28]} 11. Be1 {[%emt 0:05:36]} c5 {[%emt 0:03:04]} 12. Ne5 {[%emt 0:00:08]} cxd4 {[%emt 0:00:09]} 13. Nxd7 {[%emt 0:00:09]} Qxd7 {[%emt 0:00:06]} 14. exd4 {[%emt 0:00:12]} Ne4 {[%emt 0:05:27]} 15. f3 {[%emt 0:00:08]} Nd6 {[%emt 0:02:29]} 16. Bf2 {[%emt 0:06:57]} Rac8 {[%emt 0:04:57]} 17. b3 {[%emt 0:06:37]} Bg5 {[%emt 0:09:58]} 18. Rc2 {[%emt 0:00:17]} Nf5 19. f4 {[%emt 0:05:28]} Be7 {[%emt 0:03:23]} 20. Qg4 {[%emt 0:27:31]} g6 {[%emt 0:03:25]} 21. Ne2 {[%emt 0:10:05]} h5 {[%emt 0:14:26]} 22. Qh3 {[%emt 0:00:24]} Rxc2 {[%emt 0:02:52]} 23. Bxc2 {[%emt 0:00:08]} Ba6 {[%emt 0:01:03]} 24. Ng3 {[%emt 0:02:12]} Bxf1 {[%emt 0:01:34]} 25. Bxf5 {[%emt 0:00:35]} Qd6 {[%emt 0:03:46]} 26. Nxf1 {[%emt 0:05:51]} gxf5 {[%emt 0:00:20]} 27. Qxf5 {[%emt 0:01:25]} Qf6 {[%emt 0:10:45]} 28. Qxd5 {[%emt 0:06:27]} Qxf4 {[%emt 0:00:15]} 29. Be3 {[%emt 0:03:14]} Qg4 {[%emt 0:00:37]} 30. Qe5 {[%emt 0:00:48]} Qe6 {[%emt 0:06:46]} 31. Qxh5 {[%emt 0:00:10]} Bf6 {[%emt 0:01:25]} 32. d5 {[%emt 0:06:49]} Qe4 {[%emt 0:00:21]} 33. Qh6 {[%emt 0:00:20]} Bg7 {[%emt 0:01:10]} 34. Qg5 {[%emt 0:01:02]} f6 {[%emt 0:03:12]} 35. Qg3 {[%emt 0:00:03]} f5 {[%emt 0:02:54]} 36. Bf4 {[%emt 0:04:31]} Qxd5 {[%emt 0:03:11]} 37. Ne3 {[%emt 0:00:03]} Qd4 {[%emt 0:03:00]} 38. h4 {[%emt 0:00:16]} Re8 {[%emt 0:00:54]} 39. Kh1 {[%emt 0:01:00]} Qf6 {[%emt 0:03:53]} 40. h5 {[%emt 0:00:45]} Kh7 {[%emt 0:00:38]} 41. Kh2 {[%emt 0:01:13]} Re4 {[%emt 0:00:40]} 42. Nd5 {[%emt 0:01:19]} Qe6 {[%emt 0:03:24]} 43. Nc7 {[%emt 0:02:46]} Qf6 {[%emt 0:02:46]} 44. Nd5 {[%emt 0:00:57]} Qf7 {[%emt 0:00:13]} 45. h6 {[%emt 0:00:04]} Bd4 {[%emt 0:00:45]} 46. Ne3 {[%emt 0:03:15]} Bxe3 {[%emt 0:00:06]} 47. Bxe3 {[%emt 0:00:06]} f4 {[%emt 0:00:03]} 0-1

[Event "9th HDBank Open 2019"]
[Site "Ho Chi Minh City"]
[Date "2019.03.09"]
[Round "4.3"]
[White "Nguyen, Anh Khoi"]
[Black "Wang, Hao"]
[Result "0-1"]
[WhiteElo "2484"]
[BlackElo "2718"]
[Annotator "TA"]
[PlyCount "68"]
[EventDate "2019.03.07"]
[EventType "swiss"]
[EventCountry "VIE"]
[SourceTitle "playchess.com"]
[Source "ChessBase"]
[SourceQuality "1"]

{[%evp 20,68,32,35,28,23,25,9,19,0,0,0,9,0,0,0,0,-54,-36,-44,-41,-86,-79,-72,-64,-68,-37,-56,-55,-52,-45,-156,-80,-82,-83,-79,-86,-80,-56,-86,-85,-83,-79,-533,-624,-579,-617,-614,-604,-581,-560]} 1. d4 Nf6 2. c4 g6 3. Nc3 Bg7 4. e4 d6 5. Nge2 O-O 6. f3 c5 7. d5 e6 8. Ng3 exd5 9. cxd5 a6 10. a4 Nbd7 11. Be2 Ne8 {A65: Modern Benoni: 6 e4} 12. Be3 (12. Bf4 Rb8 13. O-O c4 14. Bxc4 Qb6+ 15. Rf2 Bd4 16. Qd2 Ne5 17. Bf1 Bxf2+ 18. Qxf2 Qxf2+ 19. Kxf2 {½-½ (32) Carlsen,M (2835)-Nepomniachtchi,I (2763) Wijk aan Zee 2019}) 12... Rb8 13. Qd2 Nc7 {The position is equal.} 14. Bh6 Bxh6 15. Qxh6 b5 16. axb5 Nxb5 $146 ({Predecessor:} 16... axb5 17. h4 Qf6 18. h5 Qg7 19. hxg6 fxg6 20. Qxg7+ Kxg7 {½-½ (77) Henrichs,T (2496)-Kummerow,H (2308) Herne 2007}) 17. Nxb5 axb5 18. O-O ({White should try} 18. b3 $11) 18... c4 $15 19. Kh1 Qf6 20. Qd2 Nc5 21. Qc3 Qxc3 22. bxc3 Bd7 23. Bd1 b4 24. cxb4 Rxb4 25. Rc1 ({Better is} 25. Kg1 $15) 25... Ra8 (25... Nd3 $142 26. Rc2 Ba4) 26. Be2 $17 Bb5 27. Rc2 Ra3 28. h4 Kg7 29. Rfc1 {[%cal Re2c4]} Nb3 30. Rb1 Rba4 31. Bd1 $2 {[%mdl 8192] [#]} (31. Rc3 $17) 31... Ra1 $19 {Black is clearly winning.} 32. Rcb2 R4a2 33. Bxb3 Rxb2 ({Worse is} 33... cxb3 34. Rxb3 Rxb1+ 35. Rxb1 $16) 34. Rxa1 {[#] And now Bd1 would win.} cxb3 {Accuracy: White = 31%, Black = 87%.} 0-1

[Event "9th HDBank Open 2019"]
[Site "Ho Chi Minh City"]
[Date "2019.03.09"]
[Round "4.4"]
[White "Mareco, Sandro"]
[Black "Shyaamnikhil P"]
[Result "1-0"]
[WhiteElo "2666"]
[BlackElo "2429"]
[Annotator "RC"]
[PlyCount "45"]
[EventDate "2019.03.07"]
[EventType "swiss"]
[EventCountry "VIE"]
[SourceTitle "playchess.com"]
[Source "ChessBase"]
[SourceQuality "1"]
[TimeControl "5400+30"]

1. c4 {[%emt 0:00:00]} e5 {[%emt 0:03:01]} 2. Nc3 {[%emt 0:00:00]} d6 {[%emt 0:02:06]} 3. g3 {[%emt 0:00:07]} f5 {[%emt 0:01:06]} 4. Bg2 {[%emt 0:00:07]} Nf6 {[%emt 0:00:10]} 5. e3 {[%emt 0:00:14]} c6 {[%emt 0:02:49]} 6. Nge2 {[%emt 0:00:44]} Be7 {[%emt 0:00:26]} 7. O-O {[%emt 0:00:27]} O-O {[%emt 0:01:19]} 8. b3 {[%emt 0:02:56]} Be6 {[%emt 0:03:57]} 9. f4 {[%emt 0:06:17]} g6 {[%emt 0:10:19]} 10. h3 {[%emt 0:12:41]} Nh5 11. d4 {[%emt 0:02:47]} exf4 {[%emt 0:27:47]} 12. d5 {[%emt 0:00:18]} Bf7 {[%emt 0:01:05]} 13. exf4 {[%emt 0:02:03]} Qb6+ {[%emt 0:06:07]} 14. Kh2 {[%emt 0:00:09]} Nd7 {[%emt 0:01:45]} 15. Bb2 {[%emt 0:05:50]} Ng7 {[%emt 0:03:31]} 16. dxc6 {[%emt 0:04:03]} bxc6 {[%emt 0:00:08]} 17. Qd4 {[%emt 0:00:29]} Bf6 {[%emt 0:03:25]} 18. Qxd6 {[%emt 0:03:19]} Rad8 {[%emt 0:00:26]} 19. Qxc6 {[%emt 0:00:17]} Nc5 {[%emt 0:00:54]} 20. Ba3 {[%emt 0:02:12]} Rc8 {[%emt 0:01:30]} 21. Qxb6 {[%emt 0:00:48]} axb6 {[%emt 0:00:07]} 22. Rad1 {[%emt 0:00:06]} Rfe8 {[%emt 0:00:27]} 23. Rd6 {[%emt 0:03:42]} 1-0

[Event "9th HDBank Open 2019"]
[Site "Ho Chi Minh City"]
[Date "2019.03.09"]
[Round "4.5"]
[White "Mendonca, Leon Luke"]
[Black "Nguyen, Ngoc Truong Son"]
[Result "1/2-1/2"]
[WhiteElo "2446"]
[BlackElo "2647"]
[Annotator "TA"]
[PlyCount "25"]
[EventDate "2019.03.07"]
[EventType "swiss"]
[EventCountry "VIE"]
[SourceTitle "playchess.com"]
[Source "ChessBase"]
[SourceQuality "1"]

{[%evp 24,25,4,0]} 1. d4 Nf6 2. c4 e6 3. g3 d5 4. Nf3 Bb4+ 5. Bd2 Be7 6. Bg2 O-O 7. O-O c6 8. Bf4 Nbd7 9. Qc2 Nh5 $146 ({Predecessor:} 9... b6 10. Rd1 Ba6 11. cxd5 cxd5 12. Ne5 Nxe5 13. dxe5 Ng4 14. Bf3 f5 15. exf6 Nxf6 16. Qa4 Bb7 17. Nd2 Qe8 18. Qxe8 Rfxe8 {½-½ (29) Giri,A (2783)-Ding,L (2813) Wijk aan Zee 2019}) 10. Bd2 Nhf6 11. Bf4 Nh5 12. Bd2 Nhf6 13. Bf4 1/2-1/2

[Event "9th HDBank Open 2019"]
[Site "Ho Chi Minh City"]
[Date "2019.03.09"]
[Round "4.6"]
[White "Li, Yankai"]
[Black "Van Wely, Loek"]
[Result "0-1"]
[WhiteElo "2434"]
[BlackElo "2612"]
[Annotator "ChessBase"]
[PlyCount "112"]
[EventDate "2019.03.07"]
[EventType "swiss"]
[EventCountry "VIE"]
[SourceTitle "playchess.com"]
[Source "ChessBase"]
[SourceQuality "1"]
[TimeControl "5400+30"]

1. d4 {[%emt 0:02:22]} Nf6 {[%emt 0:00:00]} 2. c4 {[%emt 0:00:03]} e6 {[%emt 0:00:00]} 3. g3 {[%emt 0:00:04]} c5 {[%emt 0:00:00]} 4. Nf3 {[%emt 0:00:04]} cxd4 {[%emt 0:03:07]} 5. Nxd4 {[%emt 0:00:05]} d5 {[%emt 0:00:08]} 6. Bg2 {[%emt 0:00:58]} e5 {[%emt 0:00:05]} 7. Nb3 {[%emt 0:00:11]} d4 {[%emt 0:00:13]} 8. O-O {[%emt 0:00:06]} Nc6 {[%emt 0:00:19]} 9. f4 {[%emt 0:00:08]} e4 {[%emt 0:01:26]} 10. f5 {[%emt 0:00:06]} g6 {[%emt 0:00:13]} 11. Na3 {[%emt 0:06:38]} Bxf5 {[%emt 0:00:28]} 12. Nb5 {[%emt 0:00:49]} Bg7 {[%emt 0:11:47]} 13. N3xd4 {[%emt 0:07:11]} Nxd4 {[%emt 0:00:34]} 14. Qxd4 Qxd4+ {[%emt 0:27:55]} 15. Nxd4 {[%emt 0:04:56]} Bd7 {[%emt 0:01:56]} 16. Bf4 {[%emt 0:11:10]} Ng4 {[%emt 0:03:45]} 17. Rad1 {[%emt 0:00:10]} f5 {[%emt 0:00:47]} 18. h3 {[%emt 0:13:18]} Ne5 {[%emt 0:00:29]} 19. Bxe5 {[%emt 0:00:13]} Bxe5 {[%emt 0:00:06]} 20. g4 {[%emt 0:00:02]} fxg4 {[%emt 0:02:37]} 21. hxg4 {[%emt 0:00:41]} Bxg4 {[%emt 0:03:20]} 22. Bxe4 {[%emt 0:05:41]} O-O-O {[%emt 0:03:12]} 23. Bd5 {[%emt 0:00:13]} Rhf8 {[%emt 0:04:44]} 24. Rxf8 {[%emt 0:28:14]} Rxf8 {[%emt 0:00:18]} 25. Nf3 {[%emt 0:00:36]} Bf4 {[%emt 0:06:20]} 26. Rd3 {[%emt 0:02:37]} h5 {[%emt 0:03:16]} 27. c5 {[%emt 0:01:49]} Re8 {[%emt 0:07:05]} 28. e4 {[%emt 0:02:10]} g5 {[%emt 0:02:29]} 29. Nd4 {[%emt 0:01:06]} h4 {[%emt 0:03:10]} 30. Nb5 {[%emt 0:01:29]} Kb8 {[%emt 0:05:46]} 31. Rb3 {[%emt 0:03:02]} Bd1 {[%emt 0:00:38]} 32. Ra3 {[%emt 0:03:16]} g4 {[%emt 0:03:38]} 33. Nd6 {[%emt 0:03:27]} Rf8 {[%emt 0:03:00]} 34. Rd3 {[%emt 0:00:46]} Bf3 {[%emt 0:02:35]} 35. e5 {[%emt 0:03:05]} Bxe5 {[%emt 0:00:13]} 36. Bxf3 {[%emt 0:00:09]} Rxf3 {[%emt 0:00:23]} 37. Rxf3 {[%emt 0:00:26]} gxf3 {[%emt 0:00:02]} 38. Ne4 {[%emt 0:00:07]} Bd4+ {[%emt 0:01:01]} 39. Kh2 {[%emt 0:00:20]} Bxb2 {[%emt 0:00:14]} 40. Kh3 {[%emt 0:00:52]} Bd4 {[%emt 0:00:09]} 41. Kxh4 {[%emt 0:00:04]} f2 {[%emt 0:00:21]} 42. Nd2 {[%emt 0:00:04]} Kc7 {[%emt 0:00:19]} 43. Kg4 {[%emt 0:00:03]} Kc6 {[%emt 0:00:26]} 44. Kf3 {[%emt 0:00:03]} Kxc5 {[%emt 0:00:13]} 45. Ke4 {[%emt 0:00:02]} Bc3 {[%emt 0:01:03]} 46. Nf1 {[%emt 0:00:03]} Kb4 {[%emt 0:00:42]} 47. Kd3 {[%emt 0:00:04]} Bf6 {[%emt 0:00:47]} 48. Kc2 {[%emt 0:00:08]} Ka3 {[%emt 0:00:06]} 49. Kb1 {[%emt 0:00:05]} Bg5 {[%emt 0:00:18]} 50. Ka1 {[%emt 0:00:11]} Bf4 {[%emt 0:00:05]} 51. Kb1 {[%emt 0:00:02]} a5 {[%emt 0:00:05]} 52. Ka1 {[%emt 0:00:02]} a4 {[%emt 0:00:05]} 53. Kb1 {[%emt 0:00:02]} b5 {[%emt 0:00:23]} 54. Ka1 {[%emt 0:00:03]} b4 {[%emt 0:00:07]} 55. Kb1 {[%emt 0:00:02]} b3 {[%emt 0:00:06]} 56. axb3 {[%emt 0:00:12]} Kxb3 {[%emt 0:00:07]} 0-1

[Event "9th HDBank Open 2019"]
[Site "Ho Chi Minh City"]
[Date "2019.03.09"]
[Round "4.7"]
[White "Laylo, Darwin"]
[Black "Popov, Ivan"]
[Result "1/2-1/2"]
[WhiteElo "2430"]
[BlackElo "2581"]
[Annotator "ChessBase"]
[PlyCount "41"]
[EventDate "2019.03.07"]
[EventType "swiss"]
[EventCountry "VIE"]
[SourceTitle "playchess.com"]
[Source "ChessBase"]
[SourceQuality "1"]
[TimeControl "5400+30"]

1. c4 {[%emt 0:07:11]} Nf6 {[%emt 0:00:00]} 2. Nf3 {[%emt 0:02:27]} e6 {[%emt 0:00:15]} 3. d4 {[%emt 0:00:07]} d5 {[%emt 0:00:07]} 4. Bg5 {[%emt 0:00:15]} dxc4 {[%emt 0:02:00]} 5. Nbd2 {[%emt 0:03:55]} c5 {[%emt 0:13:32]} 6. Nxc4 {[%emt 0:09:23]} cxd4 {[%emt 0:09:53]} 7. Qxd4 {[%emt 0:00:27]} Qxd4 {[%emt 0:01:24]} 8. Nxd4 {[%emt 0:00:02]} Ne4 {[%emt 0:00:32]} 9. Be3 {[%emt 0:01:32]} Bb4+ {[%emt 0:00:54]} 10. Nd2 Ke7 {[%emt 0:12:58]} 11. N4b3 {[%emt 0:04:33]} Rd8 {[%emt 0:12:15]} 12. a3 {[%emt 0:01:06]} Nxd2 {[%emt 0:00:09]} 13. Nxd2 {[%emt 0:08:39]} Ba5 {[%emt 0:00:07]} 14. O-O-O {[%emt 0:04:16]} Nd7 {[%emt 0:06:24]} 15. g3 {[%emt 0:05:49]} Bb6 {[%emt 0:04:47]} 16. Bxb6 {[%emt 0:09:56]} Nxb6 {[%emt 0:00:02]} 17. Bg2 {[%emt 0:01:27]} Bd7 {[%emt 0:00:48]} 18. b3 {[%emt 0:05:53]} Bc6 {[%emt 0:07:53]} 19. Bxc6 {[%emt 0:00:20]} Rac8 {[%emt 0:00:06]} 20. Kb2 {[%emt 0:00:45]} Rxc6 {[%emt 0:00:03]} 21. Nf3 {[%emt 0:02:21]} 1/2-1/2

[Event "9th HDBank Open 2019"]
[Site "Ho Chi Minh City"]
[Date "2019.03.09"]
[Round "4.8"]
[White "Tran, Tuan Minh"]
[Black "Laxman, R.R."]
[Result "1/2-1/2"]
[WhiteElo "2556"]
[BlackElo "2425"]
[Annotator "ChessBase"]
[PlyCount "145"]
[EventDate "2019.03.07"]
[EventType "swiss"]
[EventCountry "VIE"]
[SourceTitle "playchess.com"]
[Source "ChessBase"]
[SourceQuality "1"]
[TimeControl "5400+30"]

1. c4 {[%emt 0:06:41]} e5 {[%emt 0:00:18]} 2. g3 {[%emt 0:00:27]} Nc6 {[%emt 0:00:55]} 3. Bg2 {[%emt 0:00:09]} d6 {[%emt 0:00:23]} 4. Nc3 {[%emt 0:00:10]} Be6 {[%emt 0:00:07]} 5. d3 {[%emt 0:00:34]} Qd7 {[%emt 0:00:07]} 6. Rb1 {[%emt 0:00:25]} g6 {[%emt 0:00:46]} 7. b4 {[%emt 0:00:43]} Bg7 {[%emt 0:01:05]} 8. a4 {[%emt 0:03:59]} a6 {[%emt 0:01:51]} 9. Nf3 {[%emt 0:01:29]} h6 {[%emt 0:02:51]} 10. Nd5 {[%emt 0:05:28]} Nce7 {[%emt 0:04:39]} 11. e4 {[%emt 0:01:19]} Nxd5 {[%emt 0:00:54]} 12. cxd5 {[%emt 0:06:22]} Bh3 {[%emt 0:01:24]} 13. O-O {[%emt 0:00:07]} Bxg2 {[%emt 0:00:08]} 14. Kxg2 {[%emt 0:00:02]} Nf6 {[%emt 0:05:09]} 15. Nd2 {[%emt 0:05:48]} h5 16. h3 {[%emt 0:01:42]} b5 {[%emt 0:10:18]} 17. Bb2 {[%emt 0:16:26]} h4 {[%emt 0:02:19]} 18. g4 {[%emt 0:05:21]} c6 {[%emt 0:01:32]} 19. dxc6 {[%emt 0:06:08]} Qxc6 {[%emt 0:01:06]} 20. Nf3 {[%emt 0:01:47]} bxa4 {[%emt 0:10:58]} 21. Ra1 {[%emt 0:00:45]} Nd7 {[%emt 0:03:45]} 22. Qxa4 {[%emt 0:01:07]} Qxa4 {[%emt 0:09:02]} 23. Rxa4 {[%emt 0:00:08]} Ke7 {[%emt 0:00:03]} 24. Rfa1 {[%emt 0:00:32]} Rab8 {[%emt 0:01:22]} 25. Bc3 {[%emt 0:00:22]} f5 {[%emt 0:04:18]} 26. gxf5 {[%emt 0:01:39]} gxf5 {[%emt 0:00:02]} 27. Rxa6 {[%emt 0:00:22]} fxe4 {[%emt 0:00:20]} 28. dxe4 {[%emt 0:00:05]} Rhc8 {[%emt 0:00:16]} 29. Bd2 {[%emt 0:03:17]} Bf6 {[%emt 0:00:31]} 30. Nh2 {[%emt 0:00:59]} Rc4 {[%emt 0:03:23]} 31. Re1 {[%emt 0:00:14]} Ke6 {[%emt 0:01:15]} 32. Ng4 {[%emt 0:02:27]} Bd8 {[%emt 0:01:20]} 33. Ra3 {[%emt 0:05:34]} Bb6 {[%emt 0:02:18]} 34. Rf3 {[%emt 0:03:18]} Bd4 {[%emt 0:00:49]} 35. Nh6 {[%emt 0:03:03]} Rc2 {[%emt 0:01:07]} 36. Bg5 {[%emt 0:02:08]} Rf8 {[%emt 0:01:05]} 37. Bxh4 {[%emt 0:01:20]} Rxf3 {[%emt 0:02:08]} 38. Kxf3 {[%emt 0:00:01]} Rc3+ {[%emt 0:00:08]} 39. Kg2 {[%emt 0:00:50]} Rb3 {[%emt 0:00:12]} 40. Rg1 {[%emt 0:06:45]} Rxb4 {[%emt 0:00:34]} 41. Kh2 {[%emt 0:01:53]} Nc5 {[%emt 0:00:08]} 42. Rg4 {[%emt 0:01:29]} Bc3 {[%emt 0:06:33]} 43. Rg6+ {[%emt 0:04:41]} Kd7 {[%emt 0:00:02]} 44. f3 {[%emt 0:00:35]} Rb2+ {[%emt 0:00:37]} 45. Rg2 {[%emt 0:00:17]} Bd2 {[%emt 0:00:37]} 46. Ng4 {[%emt 0:01:42]} Nd3 {[%emt 0:01:09]} 47. Bg3 {[%emt 0:01:23]} Nf4 {[%emt 0:00:26]} 48. Rf2 {[%emt 0:00:12]} Nd3 {[%emt 0:00:21]} 49. Re2 {[%emt 0:00:21]} Nf4 {[%emt 0:00:11]} 50. Rf2 {[%emt 0:00:01]} Nd3 {[%emt 0:00:07]} 51. Rg2 {[%emt 0:00:03]} Nf4 {[%emt 0:00:33]} 52. Bxf4 {[%emt 0:01:11]} Bxf4+ {[%emt 0:00:02]} 53. Kh1 {[%emt 0:00:06]} Rb1+ {[%emt 0:01:20]} 54. Rg1 {[%emt 0:00:01]} Rb2 {[%emt 0:00:59]} 55. h4 {[%emt 0:01:39]} Ke6 {[%emt 0:00:03]} 56. Rd1 {[%emt 0:00:38]} Rb3 {[%emt 0:00:20]} 57. Kg2 {[%emt 0:00:07]} Rb2+ {[%emt 0:00:02]} 58. Kh3 {[%emt 0:00:22]} Rb3 {[%emt 0:00:05]} 59. Rf1 {[%emt 0:01:58]} d5 {[%emt 0:00:06]} 60. exd5+ {[%emt 0:00:03]} Kxd5 {[%emt 0:00:04]} 61. h5 {[%emt 0:01:03]} Ke6 {[%emt 0:00:06]} 62. Kh4 {[%emt 0:00:33]} Kf5 {[%emt 0:00:17]} 63. h6 {[%emt 0:00:04]} Kg6 {[%emt 0:01:13]} 64. Ra1 {[%emt 0:01:02]} Bg5+ {[%emt 0:00:14]} 65. Kg3 {[%emt 0:00:05]} Bf4+ {[%emt 0:00:08]} 66. Kg2 {[%emt 0:00:12]} Rb2+ {[%emt 0:01:02]} 67. Kh3 {[%emt 0:00:01]} Rb6 {[%emt 0:01:28]} 68. Ra5 {[%emt 0:00:42]} Re6 {[%emt 0:00:07]} 69. Kh4 {[%emt 0:00:52]} Bg5+ {[%emt 0:00:04]} 70. Kg3 {[%emt 0:00:06]} Bf4+ {[%emt 0:00:12]} 71. Kh4 {[%emt 0:00:16]} Bg5+ {[%emt 0:00:04]} 72. Kg3 {[%emt 0:00:22]} Bf4+ {[%emt 0:00:01]} 73. Kh4 1/2-1/2